Cities of Europe Quiz 6 - Statistics

General Stats
  • This quiz has been taken 15 times
  • The average score is 11 of 22
Answer Stats
Hint Answer % Correct
What is the capital city of Deutschland Berlin
100%
2nd largest city in the UK Birmingham
100%
City known for the red light district Amsterdam
93%
What city is known for Oktoberfest Munich
93%
City where Romeo and Juliet is set Verona
87%
Capital city of Sardinia Cagliari
73%
2nd largest city in Hungary Debrecen
73%
City where the fiat car was founded Turin
73%
Largest city, fully in Europe, that borders the black sea? Odessa
67%
Capital city of Occitania Toulouse
67%
2nd largest city in Finland Espoo
60%
Smallest capital city in the European union? Valletta
53%
What city did Drake start in when circumnavigating the globe? Plymouth
40%
Temporarily became the capital of Romaniawhen Bucharest fell in ww1 Iasi
27%
Smallest city in The UK St David's
27%
Capital city of Funen Island Odense
20%
Easternmost city in Europe Perm
20%
What capital city is linked via the longest road tunnel in the world Oslo
13%
Which ancient city was Alexander the Great born? Pella
13%
Largest German speaking city in Belgium Eupen
7%
What is considered the greenest capitalin Europe with 1/3 of it being covered in parks Chisinau
0%
Northernmost Baltic capital city Ljubljana
0%
No matching quizzes found
Score Distribution
Percent of People with Each Score
Percentile by Number Answered
Your Score History
You have not taken this quiz